000
00241nam a2200097Ia 4500
001
696626
005
20250826162016.0
008
250824s9999 xx 000 0 und d
245
0
_a
DEVLETİ ALİYYE
_c
HALİL İNALCIK
260
_b
İŞ BANKASI YAY
999
_c
696626
_d
696626